ՀՀ Գիտությունների ազգային ակադեմիայի հիմնարար գիտական գրադարան  =   Fundamental Scientific Library of NAS RA

Социально-экономическое развитие Карачая в XIX веке : (Record no. 450520)

MARC details
000 -LEADER
fixed length control field 01172nam a22002057a 4500
003 - CONTROL NUMBER IDENTIFIER
control field AM-YeHGA
040 ## - CATALOGING SOURCE
Original cataloging agency AM-YeHGA
090 ## - LOCALLY ASSIGNED LC-TYPE CALL NUMBER (OCLC); LOCAL CALL NUMBER (RLIN)
-- 453452
005 - DATE AND TIME OF LATEST TRANSACTION
control field 20250617160317.0
008 - FIXED-LENGTH DATA ELEMENTS--GENERAL INFORMATION
fixed length control field 200908s ||||| |||| 00| 0 rus d
041 0# - LANGUAGE CODE
Language code of text/sound track or separate title rus
100 1# - MAIN ENTRY--PERSONAL NAME
Personal name Невская, Валентина Павловна.
245 10 - TITLE STATEMENT
Title Социально-экономическое развитие Карачая в XIX веке :
Remainder of title (Дореформенный период) /
Statement of responsibility, etc. В.П. Невская; Под ред. Х.О. Лайпанова; Карачаево-Черкес. науч.-исслед. ин-т истории, языка и литературы.
260 ## - PUBLICATION, DISTRIBUTION, ETC.
Place of publication, distribution, etc. Черкесск :
Name of publisher, distributor, etc. Карачаево-Черкесское книжное изд-во,
Date of publication, distribution, etc. 1960.
300 ## - PHYSICAL DESCRIPTION
Extent 159 с. :
Other physical details [1] л. карт. : ил.
653 0# - INDEX TERM--UNCONTROLLED
Uncontrolled term Карачаево-Черкесская автономная область - История
700 1# - ADDED ENTRY--PERSONAL NAME
Personal name Лайпанов, Х.О.
Relator term ред.
Relationship edt
710 2# - ADDED ENTRY--CORPORATE NAME
Corporate name or jurisdiction name as entry element Карачаево-Черкесский научно-исследовательский институт истории, языка и литературы.
942 ## - ADDED ENTRY ELEMENTS (KOHA)
Source of classification or shelving scheme Universal Decimal Classification
Koha item type Գրքեր / Books
Holdings
Withdrawn status Lost status Source of classification or shelving scheme Damaged status Not for loan Collection Home library Current library Date acquired Total checkouts Full call number Barcode Date last seen Price effective from Koha item type Public note
    Universal Decimal Classification     General Fundamental Scientific Library Fundamental Scientific Library 08/09/2020   PII/37826 FL0632059 08/09/2020 08/09/2020 Գրքեր / Books 30 Days Loan


ՀՀ ԳԱԱ հիմնարար գիտական գրադարան
ՀՀ,Երևան 0019
Մարշալ Բաղրամյան 24/6
հեռախոս:(374-10) 52-47-50
Հետադարձ կապ

All site content, except where otherwise noted, is licensed under a
Creative Commons License